000 00417nam a2200181Ia 4500
008 090124s9999 xx 000 0 und d
082 _b28076
100 _aJOHN GALSWORTHY
245 _aJOHN GALSWORTHY
250 _a0
260 _bHEINEMANN
_c1976
300 _a1052
600 _aJOHN GALSWORTHY
630 _aJOHN GALSWORTHY
700 _aJOHN GALSWORTHY
730 _aJOHN GALSWORTHY
942 _cBOOK
999 _c95252
_d95252